Nautical cartography and traditional navigation in Oceania

Bibliographic Details
Published in:The history of cartography, J.B. Harley and David Woodward, Chicago [etc.], p. 443-492 (3)
Main Author: Finney, Ben
Content type: Article
Published: 1998
Source:MPIPL_cat
_version_ 1863687011945152512
author Finney, Ben
author_facet Finney, Ben
author_search Finney, Ben
author_sort Finney, Ben
author_variant b f bf
collection_details MPIPL
container_reference p. 443-492
container_start_page 443
container_title Cartography in the traditional African, American, Arctic, Australian and Pacific Societies. vol. 2. 3
dedup_id_str MPIPL_cat.PL0086654
dewey-hierarchy 0/[Unassigned]/
dewey-hierarchy_str 0/[Unassigned]/
first_indexed 2026-03-14T00:40:31Z
format 0/Artikel/
format_str 0/Artikel/
fullrecord <?xml version="1.0" encoding="UTF-8"?> <collection xmlns:xsi="http://www.w3.org/2001/XMLSchema-instance" xsi:schemaLocation="http://www.loc.gov/MARC21/slim http://www.loc.gov/standards/marcxml/schema/MARC21slim.xsd" xmlns="http://www.loc.gov/MARC21/slim"> <record> <leader>00000naa a2200000 u 4500</leader> <controlfield tag="001">PL0086654</controlfield> <controlfield tag="003">PLI01000000000000000084364</controlfield> <controlfield tag="005">00000000000000.0</controlfield> <controlfield tag="008"> ||| u </controlfield> <datafield tag="100" ind1="1" ind2=" "> <subfield code="a">Finney, Ben</subfield> </datafield> <datafield tag="245" ind1="0" ind2="0"> <subfield code="a">Nautical cartography and traditional navigation in Oceania</subfield> <subfield code="c">Ben Finney</subfield> </datafield> <datafield tag="260" ind1=" " ind2=" "> <subfield code="c">1998</subfield> </datafield> <datafield tag="952" ind1=" " ind2=" "> <subfield code="h">p. 443-492</subfield> </datafield> <datafield tag="996" ind1=" " ind2=" "> <subfield code="a">Aufsatz</subfield> </datafield> <datafield tag="997" ind1=" " ind2=" "> <subfield code="a">book chapter</subfield> </datafield> <datafield tag="773" ind1="0" ind2="8"> <subfield code="t">The history of cartography</subfield> <subfield code="a">J.B. Harley and David Woodward</subfield> <subfield code="k">3</subfield> <subfield code="d">Chicago [etc.]</subfield> <subfield code="g">p. 443-492</subfield> <subfield code="w">MPIPL_cat.PL0086269</subfield> <subfield code="z">0-226-90728-7</subfield> <subfield code="i">In:</subfield> </datafield> </record> </collection>
hierarchy_parent_id MPIPL_cat.PL0086269
hierarchy_parent_title Cartography in the traditional African, American, Arctic, Australian and Pacific Societies. vol. 2. 3
id MPIPL_cat.PL0086654
illustrated Not Illustrated
institution MPIPL_cat
institution_str MPIPL_cat
isbn 9780226907284
0-226-90728-7
language und
language_str und
last_indexed 2026-04-27T23:42:00Z
local_fields Aufsatz
online false
online_MPIPL_cat false
online_str false
publishDate 1998
publishDate_str 1998
record_format marc
spelling Finney, Ben
Nautical cartography and traditional navigation in Oceania
Ben Finney
1998
The history of cartography
J.B. Harley and David Woodward
3
Chicago [etc.]
p. 443-492
0-226-90728-7
In
spellingShingle Finney, Ben
Nautical cartography and traditional navigation in Oceania
title Nautical cartography and traditional navigation in Oceania
title_full Nautical cartography and traditional navigation in Oceania Ben Finney
title_fullStr Nautical cartography and traditional navigation in Oceania Ben Finney
title_full_unstemmed Nautical cartography and traditional navigation in Oceania Ben Finney
title_search Nautical cartography and traditional navigation in Oceania
title_short Nautical cartography and traditional navigation in Oceania
title_sort nautical cartography and traditional navigation in oceania ben finney